Statistics for MUSICIANS BY SONGS

Click here to take the quiz!

General Stats

  • This quiz has been taken 222 times
  • The average score is 14 of 25

Answer Stats

HintAnswer% Correct
Rolling in the Deep, SkyfallAdele
90%
Bennie & the Jets, Rocket ManElton John
81%
American Idiot, Basket CaseGreen Day
80%
Natural Woman, RespectAretha Franklin
74%
In the Ghetto, Heartbreak HotelElvis Presley
67%
Dream On, Sweet EmotionAerosmith
66%
I Walk the Line, A Boy Named SueJohnny Cash
66%
Enter Sandman, For Whom the Bell TollsMetallica
65%
God Save the Queen, Anarchy in the UKSex Pistols
62%
My Generation, Who Are YouThe Who
62%
Stir it Up, Buffalo SoldierBob Marley
59%
Norwegian Wood, Two of UsThe Beatles
58%
Jump, Hot For TeacherVan Halen
58%
Wish You Were Here, Shine on You Crazy DiamondPink Floyd
56%
Rock the Casbah, White RiotThe Clash
56%
The A Team, Lego HouseEd Sheeran
54%
Dazed and Confused, KashmirLed Zeppelin
50%
Canary in a Coalmine, Don't Stand So Close to MeThe Police
49%
Peggy Sue, That'll Be the DayBuddy Holly
45%
Hit the Road Jack, What'd I SayRay Charles
45%
On the Road Again, Always on My MindWillie Nelson
39%
I Bet You Look Good on the Dancefloor, A Certain RomanceThe Arctic Monkeys
36%
Peace Frog, Roadhouse BluesThe Doors
30%
Suicide Blonde, Devil InsideINXS
27%
No One Knows, Go With the FlowQueens of the Stoneage
20%

Score Distribution

Percentile by Number Answered

Percent of People with Each Score

Your Score History

You have not taken this quiz